| 000 | 00642ntaaa2200217 4500 | ||
|---|---|---|---|
| 003 | 01 | ||
| 005 | 20251027203057.0 | ||
| 008 | 0714s1973 ag 01 | ||
| 020 | _a9700504808 | ||
| 040 |
_aAR-BaBN _bspa _cAR-BaBN _eaacr _dRIC |
||
| 082 | _a301.0000 B66r | ||
| 100 |
_aBourdieu, Pierre _922236 |
||
| 245 |
_aRespuestas por una antropología reflexiva / _cPierre Bourdieu, Loc J.D Wacquant |
||
| 250 | _a1 ed. | ||
| 260 |
_aMéxico : _bGrijalbo, _c1995 |
||
| 300 |
_a229 p ; _c22,5 cm |
||
| 500 | _aBibliografia: p. 197-219. Contiene Indice Onomástico | ||
| 650 |
_aSociologia _9341 |
||
| 700 |
_aWacquant, Loïc J.D _932061 |
||
| 942 | _cBK | ||
| 999 |
_c26166 _d26166 |
||